| 000 | 00496nam a22002051a 4500 | ||
|---|---|---|---|
| 001 | 2402 | ||
| 003 | OSt | ||
| 005 | 20260204211810.0 | ||
| 008 | 040220s2000||||sp ||||||b||||||||||spa|| | ||
| 020 | _a848301892 | ||
| 050 | _a320.1M334n | ||
| 082 | _a320.1M334n | ||
| 100 | _aMaquiavelo, Nicolás | ||
| 245 | _aEl Príncipe / Nicolás Maquiavelo | ||
| 264 | _aEspaña : Industria Gráfica | ||
| 300 | _a127 p. | ||
| 500 | _aIncluye indice | ||
| 650 | _a1.Novela LiterariaÌ | ||
| 942 |
_2ddc _cBK |
||
| 999 |
_c2402 _d2402 |
||